000 00578nam a2200181Ia 4500
003 OSt
005 20260127161809.0
008 210210b1967 xxu||||| |||| 00| 0 eng d
040 _cAL
041 _aKannada
082 _a854/59
100 _aKRASHNAMURTI (K)
_9162616
_dಕೃಷ್ಣಮೂರ್ತಿ (ಕೆ)
245 _aKannada kavyalankara sutravratti:
_bಕನ್ನಡ ಕಾವ್ಯಾಲಂಕಾರ ಸೂತ್ರವೃತ್ತಿ
260 _aMaisuru
_bSharada Mandira
_c1967
690 _aKannada Criticism
_9162617
906 _a019911
942 _2ddc
_cBK
999 _c144061
_d144061